F1 drivers of 2021 - Statistics

General Stats
  • This quiz has been taken 16 times
  • The average score is 15 of 21
Answer Stats
Answer % Correct
Kimi Raikkonen
93%
Lewis Hamilton
93%
Max Verstappen
87%
Sebastian Vettel
87%
Carlos Sainz
80%
Charles Leclerc
80%
Valterri Bottas
80%
Lando Norris
73%
Pierre Gasly
73%
Sergio Perez
73%
Antonio Giovinazzi
67%
Daniel Ricciardo
67%
Fernando Alonso
67%
Mick Schumacher
67%
Yuki Tsunoda
67%
Esteban Ocon
60%
George Russell
60%
Lance Stroll
60%
Nicholas Latifi
60%
Nikita Mazepin
60%
Robert Kubica
60%
No matching quizzes found
Score Distribution
Percent of People with Each Score
Percentile by Number Answered
Your Score History
You have not taken this quiz